00395nam a2200145Ia 4500008004100000020001800041041000800059082001500067100001500082245009100097260002200188300000800210365001600218700001500234230718s9999 xx 000 0 und d a9788130934150 aeng a155.2bBAR aBarrett J. aTest Your Numerical Aptitude bHow To Access Your Numeracy Skills And Plan Your Career c2016bSource Book a173 cRs.b195.00 aBarrett J.